Statystyki dla Rozpoznasz Minerały po wyglądzie? #1

Kliknij tutaj aby rozwiązać quiz!

Ogólne statystyki

  • Ten quiz został rozwiązany 20 razy
  • Średni wynik to 6 z 16

Statystyki odpowiedzi

Odpowiedź% Poprawnych
Ametyst
94%
Kryształ Górski
75%
Agat
50%
Lazuryt
50%
Bizmut
44%
Malachit
44%
Hematyt
31%
Róża Pustyni
31%
Jaspis Czerwony
25%
Obsydian
25%
Chalcedon
19%
Rubin
19%
Fluoryt
13%
Jadeit
13%
Magnetyt
13%
Siarka
6%

Rozkład punktacji

Percentyl według liczby udzielonych odpowiedzi

Procent ludzi z każdym wynikiem

Twoja historia wyników

Nie rozwiązałeś tego quizu